| 000 | 004490000a22001810004500 | ||
|---|---|---|---|
| 003 | MACL | ||
| 005 | 20160129113630.0 | ||
| 008 | 160129b xxu||||| |||| 00| 0 eng d | ||
| 040 |
_aMACL _cMACL |
||
| 041 | _aEnglish | ||
| 082 | _a530/PAN | ||
| 100 |
_aPandey, DC _934148 |
||
| 245 | _a12 Year' (1999-2010) IIT JEE Solved Papers | ||
| 260 |
_aMeerut _bArihant Prakashan |
||
| 350 | _a350 | ||
| 650 |
_aPhysics _935190 |
||
| 942 |
_cBK _k530/PAN _2ddc |
||
| 999 |
_c44767 _d44767 |
||